| 000 | 00402nam a2200169Ia 4500 | ||
|---|---|---|---|
| 008 | 210719s1979 xx 000 0 und d | ||
| 020 | _a0471019992 | ||
| 041 | _aeng | ||
| 082 | _a658.8 MARM | ||
| 100 | _aMARKIN (Rom) | ||
| 245 | _aMarketing. | ||
| 260 |
_aToronto. _bJohn Wiley and Sons _c1979 |
||
| 300 |
_a701,Lxi _bHB |
||
| 365 | _cRs | ||
| 650 | _aMarketing Management | ||
| 906 | _aMarketing | ||
| 999 |
_c212413 _d212413 |
||